000 00601nam a2200229Ia 4500
003 OSt
005 20220918183435.0
006 a|||||r|||| 00| 0
007 ta
008 220917b |||||||| |||| 00| 0 eng d
024 _a38,140
037 _cTextual
040 _aARTS
_cARTS
_beng
041 _2eng
_aeng
082 _aO113:1L73w, G7
100 _aTieck L
_962839
245 0 _aLetters
_b Hitherto unpublished 1792 1853 ed by Edwin H Zeydalu
260 _c1937
650 _aENGLISH LITERATURE
942 _hO113:1L73w, G7
_cTEXL
_2CC
999 _c172694
_d172694